The Future of regionalism in Africa / (Record no. 8584)

MARC details
000 -LEADER
fixed length control field 00715cam a22002292 4500
001 - CONTROL NUMBER
control field 0000018527
005 - DATE AND TIME OF LATEST TRANSACTION
control field 20151217152129.0
008 - FIXED-LENGTH DATA ELEMENTS--GENERAL INFORMATION
fixed length control field 100208s xx 000 0 eng d
020 ## - INTERNATIONAL STANDARD BOOK NUMBER
International Standard Book Number 0333345304 :
040 ## - CATALOGING SOURCE
Original cataloging agency KABU
Transcribing agency KABU
245 14 - TITLE STATEMENT
Title The Future of regionalism in Africa /
Statement of responsibility, etc. edited by Ralph I. Onwuka and Amadu Sesay.
250 ## - EDITION STATEMENT
Edition statement 1st ed.
260 ## - PUBLICATION, DISTRIBUTION, ETC. (IMPRINT)
Place of publication, distribution, etc. Nairobi :
Name of publisher, distributor, etc. Macmillan,
Date of publication, distribution, etc. 1985.
300 ## - PHYSICAL DESCRIPTION
Extent xiii, 272 p.
650 #0 - SUBJECT ADDED ENTRY--TOPICAL TERM
Topical term or geographic name as entry element Regionalism
Chronological subdivision Africa.
-- 0000177827
651 #0 - SUBJECT ADDED ENTRY--GEOGRAPHIC NAME
Geographic name Africa
General subdivision Economic conditions.
-- 0000150453
700 1# - ADDED ENTRY--PERSONAL NAME
Personal name Onwuka, Ralph I.
-- 0000177828
700 1# - ADDED ENTRY--PERSONAL NAME
Personal name Sesay, Amadu.
-- 0000177829
852 1# - LOCATION
-- p378 KSH
908 ## - PUT COMMAND PARAMETER (RLIN)
Put command parameter 100208
950 ## - LOCAL HOLDINGS (RLIN)
-- 1
Holdings
Withdrawn status Lost status Source of classification or shelving scheme Not for loan Home library Current library Date acquired Total Checkouts Full call number Barcode Date last seen Price effective from Koha item type
    Library of Congress Classification   Kabarak, Main Campus Kabarak, Main Campus 17/12/2015   HC800 .F88 1985 c. 2 18436 02/08/2024 17/12/2015 General Collection
    Library of Congress Classification   Kabarak, Main Campus Kabarak, Main Campus 17/12/2015   HC800 .F88 1985 c. 1 18435 17/12/2015 17/12/2015 Africana Collection
Designed with assistance from East African Informatics Ltd